As raízes afetivas das relaçoes culturais com Portugal (Record no. 497441)
[ view plain ]
| 000 -CABECERA | |
|---|---|
| Campo de control de longitud fija | 00597nab a2200157 4500 |
| 003 - IDENTIFICADOR DEL NÚMERO DE CONTROL | |
| Campo de control | ES-SlBCS |
| 005 - FECHA Y HORA DE LA ÚLTIMA TRANSACCIÓN | |
| Campo de control | 20230517074811.0 |
| 008 - CÓDIGOS DE INFORMACIÓN DE LONGITUD FIJA | |
| Campo de control de longitud fija | 140131s2013 sp ||||| |||| 00| 0 por d |
| 040 ## - FUENTE DE LA CATALOGACIÓN | |
| Centro catalogador del origen | ES-SlBCS |
| Lengua de catalogación | spa |
| 100 1# - PUNTO DE ACCESO PRINCIPAL-NOMBRE DE PERSONA | |
| Nombre de persona | Jácomo, António |
| 9 (RLIN) | 66562 |
| 245 13 - MENCIÓN DE TÍTULO | |
| Título | As raízes afetivas das relaçoes culturais com Portugal |
| Mención de responsabilidad, etc. | António Jácomo |
| 246 11 - VARIANTE DE TÍTULO | |
| Título propio / Titulo en breve | The Affective Cultural Roots of Portugal Relationship |
| 600 10 - PUNTO DE ACCESO ADICIONAL DE MATERIA-NOMBRE DE PERSONA | |
| Nombre personal | Zubiri, Xavier |
| Fechas asociadas con el nombre | (1898-1983) |
| Subdivisión general | Crítica e interpretación |
| 9 (RLIN) | 120105 |
| 773 0# - ENLACE AL DOCUMENTO FUENTE | |
| Parte(s) relacionada(s) | Nº 40, 2013, págs. 687-693 |
| Título | Cuadernos Salmantinos de Filosofía |
| Número de control del registro relacionado | Rev159 |
| Número Internacional Normalizado para Publicaciones Seriadas (ISSN) | 0210-4857 |
| 942 ## - ENTRADA DE ELEMENTOS AGREGADOS (KOHA) | |
| Fuente de clasificaión o esquema | |
| Koha [por defecto] tipo de item | Artículos de revista |
| Suprimido | Perdido | Fuente de clasificación o esquema | Estropeado | No para préstamo | Localización permanente | Localización actual | Localización en estantería | Fecha adquisición | Préstamos totales | Fecha última consulta | Fecha del precio de reemplazo | Tipo de item de Koha |
|---|---|---|---|---|---|---|---|---|---|---|---|---|
| San Esteban | San Esteban | Depósito de revistas | 31/01/2014 | 31/01/2014 | 31/01/2014 | Artículos de revista |
